LIBRARY & INFORMATION CENTRE, KCAET, TAVANUR

ONLINE PUBLIC ACCESS CATALOGUE (OPAC)

Kamalambal / (Record no. 4866)

MARC details
000 -LEADER
fixed length control field 00355cam a2200145ua 4500
041 ## - LANGUAGE CODE
Language code of text/sound track or separate title mal
082 ## - DEWEY DECIMAL CLASSIFICATION NUMBER
Classification number 894.812308
Item number SET/KA
100 ## - MAIN ENTRY--AUTHOR NAME
Personal name Sethu Pillai, R.P .
245 ## - TITLE STATEMENT
Title Kamalambal /
260 ## - PUBLICATION, DISTRIBUTION, ETC. (IMPRINT)
Place of publication Thrissur :
Name of publisher Current Books ,
Year of publication 1995.
300 ## - PHYSICAL DESCRIPTION
Number of Pages 251 ; .
942 ## - ADDED ENTRY ELEMENTS (KOHA)
Koha item type Books
Holdings
Withdrawn status Lost status Damaged status Home library Current library Date acquired Cost, normal purchase price Full call number Accession Number Koha item type
Withdrawn     KAUAET KAUAET 07/04/2012 2.25 894.812308 837 Books
free website counter